Computer applications in Japan : Proceedings of international computer association monthly meetings. (Reprinted from the Journal of A. E. U., all rights reserved)

محفوظ في:
التفاصيل البيبلوغرافية
التنسيق: كتاب
اللغة:Undetermined
منشور في: Tokyo A.E.U, DEMP Pulication, Inc 1980
الموضوعات:
الوسوم: إضافة وسم
لا توجد وسوم, كن أول من يضع وسما على هذه التسجيلة!
Thư viện lưu trữ: Trung tâm Học liệu Trường Đại học Cần Thơ
LEADER 00599nam a2200181Ia 4500
001 CTU_99114
008 210402s9999 xx 000 0 und d
082 |a 616.07 
082 |b C737 
245 0 |a Computer applications in Japan : 
245 0 |b Proceedings of international computer association monthly meetings. (Reprinted from the Journal of A. E. U., all rights reserved) 
260 |a Tokyo 
260 |b A.E.U, DEMP Pulication, Inc 
260 |c 1980 
650 |a Nuclear medicine 
650 |x Data processing 
904 |i M. Loan 
980 |a Trung tâm Học liệu Trường Đại học Cần Thơ